Top 300 Drugs: Brand - Statistics

General Stats
  • This quiz has been taken 2 times
  • The average score is 7 of 324
Answer Stats
Generic Brand Therapeutic Class % Correct
Alprazolam Xanax Antianxiety
100%
Amphetamine/dextroamphetamine salts Adderall (XR) Stimulant
50%
ibuprofen Advil, Motrin Nonsteroidal Anti-inflammatory Drug (NSAID)
50%
Fexofenadine Allegra Antiallergy Agent
50%
Tadalafil Cialis Erectile Dysfunction Agent
50%
Atorvastatin Lipitor Antihyperlipidemic
50%
Eszopiclone Lunesta Sedative-Hypnotic
50%
Semaglutide Ozempic, Wegovy Antidiabetic/Anti-obesity Agent
50%
Nirmatrelvir/ritonavir Paxlovid Antiviral
50%
Fluoxetine Prozac, Sarafem Antidepressant
50%
Montelukast Singulair Antiasthmatic/Antiallergy Agent
50%
Sertraline Zoloft Antidepressant
50%
Aripiprazole Abilify Antipsychotic
0%
Quinapril Accupril Antihypertensive
0%
Rabeprazole Aciphex Gastric Antisecretory
0%
Risedronate Actonel, Atelvia Osteoporosis Agent
0%
Pioglitazone Actos Antidiabetic
0%
Phentermine Adipex-P, Ionamin Anti-obesity Agent
0%
Fluticasone/salmeterol Advair, AirDuo, Wixela Anti-inflammatory/bronchodilator, Inhalation
0%
Dipyridamole/aspirin Aggrenox Antiplatelet Agent
0%
Albendazole Albenza Anthelmintic
0%
Spironolactone Aldactone Diuretic
0%
Imiquimod Aldara, Zyclara Immunomodulator
0%
Nitazoxanide Alinia Antiprotozoal
0%
Estradiol Alora, Climara, Minivelle, Menostar, Vivelle Dot Hormone Replacement Therapy, Transdermal Patches
0%
Brimonidine Alphagan P, Lumify (OTC) Antiglaucoma Agent, Ophthalmic
0%
Loteprednol Alrex, Lotemax Anti-inflammatory Agent, Topical
0%
Ramipril Altace Antihypertensive
0%
Glimepiride Amaryl Antidiabetic
0%
Zolpidem Ambien Sedative-Hypnotic
0%
Lubiprostone Amitiza Irritable Bowel Syndrome
0%
Amoxicillin Amoxil, Moxatag, Trimox Antibiotic
0%
Testosterone Androgel, Androderm Hormone/Testosterone
0%
Meclizine Antivert Antiemetic
0%
Hydralazine Apresoline Antihypertensive
0%
Darbepoetin Aranesp Hematopoietic
0%
Donepezil Aricept Alzheimer's Dementia Agent
0%
Anastrozole Arimidex Antineoplastic
0%
Thyroid Armour Thyroid Hormone/Thyroid
0%
Azelastine Astelin, Astepro Antiallergy Agent
0%
Candesartan Atacand Antihypertensive
0%
Hydroxyzine hydrochloride Atarax Antiallergy Agent
0%
Lorazepam Ativan Antianxiety Agent
0%
Amoxicillin with clavulanate Augmentin Antibiotic
0%
Irbesartan Avapro Antihypertensive
0%
Moxifloxacin Avelox Antibiotic
0%
Dutasteride Avodart Prostate Anti-inflammatory
0%
Azathioprine Azamun, Imuran Immunosuppressant Agent
0%
Trimethoprim/sulfamethoxazole Bactrim, Septra Antibiotic
0%
Mupirocin Bactroban Antibiotic, Topical
0%
Entecavir Baraclude Antihepaciviral
0%
Olmesartan Benicar Antihypertensive
0%
Dicyclomine Bentyl GastrointestinalAntispasmodic
0%
Timolol Betimol, Timoptic Antiglaucoma Agent
0%
Clarithromycin Biaxin Antibiotic
0%
Nystatin Bio-statin Antifungal
0%
Ibandronate Boniva Osteoporosis Agent
0%
Fluticasone/vilanterol Breo Ellipta Anti-inflammatory/bronchodilator, Inhalation
0%
Ticagrelor Brilinta Antiplatelet Agent
0%
Buspirone BuSpar Antianxiety
0%
Nebivolol Bystolic Antihypertensive
0%
Verapamil Calan, Verelan Antihypertensive/Antianginal
0%
Diclofenac Cambia, Zipsor, Zorvolex Nonsteroidal Anti-inflammatory Drug (NSAID)
0%
Sucralfate Carafate Antiulcer Agent
0%
Diltiazem Cardizem (CD), Cartia (XT), Dilacor XR, Dilt-XR, Tiazac (XT) Antiarrhythmic
0%
Doxazosin Cardura (XL) Antihypertensive/BPH Agent
0%
Clonidine Catapres (TTS), Kapvay Antihypertensive/ADHD Agent
0%
Cefuroxime Ceftin, Zinacef Antibiotic
0%
Celecoxib Celebrex Nonsteroidal Anti-inflammatory Drug (NSAID)
0%
Citalopram Celexa Antidepressant
0%
Ciprofloxacin Cetraxal, Otiprio Antibiotic, Otic
0%
Varenicline Chantix Smoking Cessation Aid
0%
Ciprofloxacin Cipro Antibiotic
0%
Clindamycin Cleocin Antibiotic, Oral
0%
Clindamycin Cleocin T, Clindagel, Evoclin Acne agent, Topical
0%
Cyanocobalamin Cobolin-M, B12 injection Essential B Vitamin
0%
Benztropine Cogentin Antiparkinson Agent
0%
Colchicine Colcrys Antigout Agent
0%
Ipratropium/albuterol Combivent, DuoNeb Bronchodilator
0%
Prochloperazine Compazine Antiemetic
0%
Carvedilol Coreg (CR) Antihypertensive
0%
Hydrocortisone Cortisone-10, MiCort-HC, Aquinil HC Anti-inflammatory Agent, Topical
0%
Warfarin Coumadin Oral Anticoagulant
0%
Losartan Cozaar Antihypertensive
0%
Rosuvastatin Crestor Antihyperlipidemic
0%
Duloxetine Cymbalta Antidepressant
0%
Dexamethasone Decadron Anti-inflammatory
0%
Prednisone Deltasone Anti-inflammatory
0%
Torsemide Demadex Diuretic
0%
Divalproex Depakote (ER) Anticonvulsant
0%
Trazodone Desyrel Antidepressant
0%
Tolterodine Detrol (LA) Urinary Antispasmodic
0%
Dexlansoprazole Dexilant Gastric Antisecretory
0%
Fidaxomicin Dificid Antibiotic
0%
Fluconazole Diflucan Antifungal
0%
Phenytoin Dilantin, Phenytak Anticonvulsant
0%
Hydromorphone Dilaudid Analgesic
0%
Valsartan Diovan Antihypertensive
0%
Oxybutynin Ditropan (XL) Urinary Antispasmodic
0%
Methadone Dolophine Analgesic
0%
Fentanyl Duragesic Analgesic, Transdermal
0%
Triamterene/hydrochlorothiazide Dyazide, Maxzide Diuretic
0%
Venlafaxine Effexor (XR) Antidepressant
0%
Prasugrel Effient Antiplatelet Agent
0%
Amitriptyline Elavil Antidepressant
0%
Apixaban Eliquis Direct Oral Anticoagulant
0%
Pentosan Elmiron Analgesic (Urinary)
0%
Darifenacin Enablex Urinary Antispasmodic
0%
Etanercept Enbrel, Erelzi Biologic disease modifying antirheumatic drug
0%
Sacubitril/valsartan Entresto Cardiovascular - Heart Failure
0%
Epinephrine Auto-Injector EpiPen & EpiPen Jr. Anti-anaphylactic Agent
0%
Epoetin Epogen, Procrit Hematopoietic
0%
Erythromycin Erythrocin Antibiotic
0%
Lithium Eskalith (CR), Lithobid Antimanic Agent
0%
Estradiol Estrace Hormone Replacement Therapy, Oral
0%
Crisaborole Eucrisa Anti-inflammatory Agent, Topical
0%
Raloxifene Evista Osteoporosis Agent
0%
Folic Acid FA-8, True Folic Acid Vitamin
0%
Dapagiflozin Farxiga Antidiabetic
0%
Butalbital/acetaminophen/caffeine Fioricet Analgesic
0%
Metronidazole Flagyl Antibacterial/Antiprotozoal
0%
Cyclobenzaprine Flexeril, Amrix, Fexmid, Tonmya Muscle Relaxant
0%
Tamsulosin Flomax Prostate Antinflammatory
0%
Fluticasone propionate Flonase Antiallergy Agent/Antiallergy Agent
0%
Fluticasone Flovent, Arnuity Ellipta, ArmonAir Anti-inflammatory, Inhalation
0%
Dexmethylphenidate Focalin (XR) Stimulant
0%
Alendronate Fosamax, Binosto Osteoporosis Agent
0%
Ziprasidone Geodon Antipsychotic
0%
Metformin Glucophage (XR) Antidiabetic
0%
Glipizide Glucotrol (XL) Antidiabetic
0%
Polyethylene glycol Golytely, Miralax Laxative
0%
Triazolam Halcion Sedative-Hypnotic
0%
Insulin lispro Humalog Antidiabetic (Rapid-Acting)
0%
Insulin human Humulin, Novolin Antidiabetic
0%
Chlorthalidone Hygroton Antihypertensive
0%
Terazosin Hytrin Antihypertensive/BPH Agent
0%
Losartan with hydrochlorothiazide Hyzaar Antihypertensive
0%
Isosorbide mononitrate Imdur Antianginal
0%
Sumatriptan Imitrex Antimigraine Agent
0%
Propranolol Inderal (LA, XL) Antihypertensive
0%
Indomethacin Indocin Nonsteroidal Anti-inflammatory Drug (NSAID)
0%
Guanfacine Intuniv Antihypertensive/ADHD Agent
0%
Canagliflozin Invokana Antidiabetic
0%
Raltegravir Isentress Antiretroviral
0%
Sitagliptin Januvia Antidiabetic
0%
Empagliflozin Jardiance Antidiabetic
0%
Cephalexin Keflex Antibiotic
0%
Triamcinolone Kenalog Anti-inflammatory, Topical
0%
Levetiracetam Keppra (XR) Anticonvulsant
0%
Clonazepam Klonopin Antianxiety Agent, Anticonvulsant
0%
Potassium chloride Klor-Con Electrolyte
0%
Lamotrigine Lamictal (XR, ODT, CD) Anticonvulsant/Bipolar Agent
0%
Digoxin Lanoxin, Digitek, Digox Antiarrhythmic
0%
Insulin glargine Lantus, Toujeo Antidiabetic (Long-Acting)
0%
Furosemide Lasix Diuretic
0%
Lurasidone Latuda Antipsychotic
0%
Levofloxacin Levaquin Antibiotic
0%
Vardenafil Levitra, Staxyn Erectile Dysfunction Agent
0%
Escitalopram Lexapro Antidepressant
0%
Fluocinonide Lidex Anti-inflammatory Agent, Topical
0%
Lidocaine Lidoderm Topical Analgesic
0%
Linaclotide Linzess Laxative
0%
Baclofen Lioresal Muscle Relaxant
0%
Norethindrone/ethinyl estradiol/ferrous fumarate Loestrin FE, Loestrin FE 24, Microgestin FE, Junel FE, Minastrin 24 Contraceptive
0%
Diphenoxylate/atropine Lomotil Antidiarrheal
0%
Gemfibrozil Lopid Antihyperlipidemic
0%
Metoprolol tartrate Lopressor Antihypertensive
0%
Hydrocodone with acetaminophen Lortab, Vicodin, Norco Analgesic
0%
Benazepril Lotensin Antihypertensive
0%
Amlodipine with benazepril Lotrel Antihypertensive
0%
Clotrimazole/betamethasone Lotrisone Antifungal/Anti-inflammatory, Topical
0%
Omega-3-Acid Ethyl Esters Lovaza Antihyperlipidemic
0%
Enoxaparin Lovenox Parenteral anticoagulant
0%
Bimatoprost Lumigan Antiglaucoma Agent
0%
Pregabalin Lyrica Anticonvulsant/Analgesic
0%
Nitrofurantoin Macrodantin, Macrobid Antibiotic
0%
Glecaprevir/pibrentasvir Mavyret Antihepaciviral
0%
Rizatriptan Maxalt Antimigraine Agent
0%
Methylprednisolone Medrol Anti-inflammatory
0%
Lovastatin Mevacor Antihyperlipidemic
0%
Telmisartan Micardis Antihypertensive
0%
Hydrochlorothiazide Microzide Antihypertensive
0%
Nitroglycerin Minitran, Nitro-Dur, NitrostatNitroglycerin Antianginal
0%
Minocycline Minocin Antibiotic
0%
Pramipexole Mirapex (ER) Antiparkinson Agent
0%
Meloxicam Mobic Nonsteroidal Anti-inflammatory Drug (NSAID)
0%
Fosinopril Monopril Antihypertensive
0%
Morphine MS Contin, Avinza, Kadian Analgesic
0%
Mirabegron Myrbetriq Urinary Bladder Modifier
0%
Memantine Namenda Alzheimer's Dementia Agent
0%
Naproxen Naprosyn, Aleve Nonsteroidal Anti-Inflammatory Drug (NSAID)
0%
Mometasone Nasonex Antiallergy Agent/Anti-inflammatory
0%
Gabapentin Neurontin Anticonvulsant/Antineuralgic
0%
Esomeprazole Nexium Gastric Antisecretory
0%
Niacin Niaspan, Slo-Niacin Antihyperlipidemic
0%
Ketoconazole Nizoral Antifungal, Topical
0%
Labetalol Normodyne, Trandate Antihypertensive
0%
Amlodipine Norvasc Antihypertensive
0%
Insulin aspart Novolog Antidiabetic (Rapid Acting)
0%
Ethinyl estradiol/etonogestrel Nuvaring Contraceptive, Ring
0%
Nystatin Nystop, Nyamyc Antifungal
0%
Baricitinib Olumiant Targeted synthetic disease modifying antirheumatic drug
0%
Cefdinir Omnicef Antibiotic
0%
Clobazam Onfi, Sympazan Anticonvulsant
0%
Saxagliptin Onglyza Antidiabetic
0%
Prednisolone Orapred, Pediapred Anti-inflammatory, Oral
0%
Norgestimate/ethinyl estradiol Ortho-Cyclen, Sprintec Contraceptive
0%
Norgestimate/ethinyl estradiol triphasic Ortho Tri-Cyclen, TriSprintec, Trinessa Contraceptive, Triphasic
0%
Oxycodone OxyContin, Roxicodone Analgesic
0%
Amiodarone Pacerone, Cordarone, Nexterone Antiarrhythmic
0%
Nortriptyline Pamelor Antidepressant
0%
Paroxetine Paxil (CR) Antidepressant
0%
Famotidine Pepcid Gastric Antisecretory
0%
Oxycodone with acetaminophen Percocet, Roxicet, Endocet Analgesic
0%
Chlorhexidine Peridex, Periogard Antiseptic/antimicrobial
0%
Promethazine Phenergan Antiemetic
0%
Phenobarbital Phenobarbital Anticonvulsant
0%
Hydroxychloroquine Plaquenil Disease modifying antirheumatic drug
0%
Clopidogrel Plavix Antiplatelet Agent
0%
Felodipine Plendil Antihypertensive
0%
Dabigatran Pradaxa Direct Oral Anticoagulant
0%
Repaglinide Prandin Antidiabetic
0%
Pravastatin Pravachol Antihyperlipidemic
0%
Prednisolone Pred Forte, Pred Mild Ophthalmic Anti-inflammatory Agent
0%
Conjugated estrogen Premarin Hormone Replacement Therapy
0%
Lansoprazole Prevacid Gastric Antisecretory
0%
Omeprazole Prilosec Gastric Antisecretory
0%
Lisinopril Prinivil, Zestril Antihypertensive
0%
Desvenlafaxine Pristiq Antidepressant
0%
Nifedipine Procardia (XL) Antihypertensive
0%
Tacrolimus Prograf, Astagraf (XL) Immunosuppressant
0%
Progesterone Prometrium Hormone/Progestin, Oral
0%
Finasteride Proscar Prostate Anti-inflammatory
0%
Pantoprazole Protonix Gastric Antisecretory
0%
Albuterol Proventil HFA, Proair HFA, Ventolin HFA Bronchodilator
0%
Medroxyprogesterone Provera Hormone/Progestin, Oral
0%
Modafinil Provigil Pseudosympathomimetic
0%
Budesonide Pulmicort Anti-inflammatory, Inhalation
0%
Phenazopyridine Pyridium Analgesic (Urinary)
0%
Ranolazine Ranexa, Aspruzyo Antianginal
0%
Metoclopramide Reglan Antiemetic
0%
Nabumetone Relafen Nonsteroidal Anti-Inflammatory Drug (NSAID)
0%
Eletriptan Relpax Antimigraine agent
0%
Mirtazapine Remeron Antidepressant
0%
Ropinirole Requip (XL) Antiparkinson Agent
0%
Cyclosporine Restasis Immunosuppresant Agent
0%
Temazepam Restoril Sedative
0%
Atazanavir Reyataz Antiretroviral
0%
Risperidone Risperdal Antipsychotic
0%
Methylphenidate Ritalin, Concerta Stimulant
0%
Methocarbamol Robaxin Muscle Relaxant
0%
Tolvaptan Samsca, Jynarque Vasopressin Antagonist
0%
Edoxaban Savaysa Direct Oral Anticoagulant
0%
Maraviroc Selzentry Antiretroviral
0%
Quetiapine Seroquel (XR) Antipsychotic
0%
Carbidopa/levodopa Sinemet (CR), Rytary, Duopa Antiparkinson Agent
0%
Doxepin Sinequan, Silenor Antidepressant
0%
Metaxalone Skelexin Muscle Relaxant
0%
Tamoxifen Soltamox Antineoplastic
0%
Carisoprodol Soma Muscle Relaxant
0%
Sofosbuvir Sovaldi Antihepaciviral
0%
Tiotropium Spiriva Bronchodilator
0%
Atomoxetine Strattera Stimulant
0%
Buprenorphine with naloxone Suboxone, Zubsolv Opioid Dependence Agent
0%
Efavirenz Sustiva Antiretroviral
0%
Budesonide/formoterol Symbicort, Breyna Anti-inflammatory/bronchodilator, Inhalation
0%
Levothyroxine Synthroid, Levoxyl, Levothroid Hormone/Thyroid
0%
Oseltamivir Tamiflu Antiviral
0%
Carbamazepine Tegretol (XR), Carbatrol Anticonvulsant
0%
Clobetasol Temovate Anti-inflammatory Agent, Topical
0%
Atenolol Tenormin Antihypertensive
0%
Benzonatate Tessalon Perles Antitussive
0%
Topiramate Topamax, Eprontia Anticonvulsant
0%
Metoprolol succinate Toprol-XL Antihypertensive
0%
Linagliptin Tradjenta Antidiabetic
0%
Travoprost Travatan Z Antiglaucoma Agent
0%
Fluiticasone/Umeclidinium/Vilanterol Trelegy Elipta Anti-inflammatory/bronchodilator, Inhalation
0%
Insulin degludec Tresiba Antidiabetic (Ultra-Long Acting)
0%
Methotrexate Trexall, Jylamvo Disease modifying antirheumatic drug
0%
Fenofibrate TriCor, Trilipix, Fibricor Antihyperlipidemic
0%
Oxcarbazepine Trileptal, Oxtellar (XR) Anticonvulsant
0%
Vortioxetine Trintellix Antidepressant
0%
Dulaglutide Trulicity Antidiabetic
0%
Emtricitabine/tenofovir disoproxil fumarate Truvada Antiretroviral
0%
Acetaminophen with codeine Tylenol with Codeine #3, Tylenol with Codeine #4 Analgesic
0%
Febuxostat Uloric Antigout Agent
0%
Tramadol Ultram (ER), ConZip Analgesic
0%
Diazepam Valium Antianxiety Agent
0%
Valacyclovir Valtrex Antiviral
0%
Icosapent ethyl Vascepa Antihyperlipidemic
0%
Enalapril Vasotec, Epaned Antihypertensive
0%
Penicillin V Veetids, Pen-Vee K, V-Cillin Antibiotic
0%
Solifenacin Vesicare Urinary Antispasmodic
0%
Sildenafil Viagra, Revatio Erectile Dysfunction Agent
0%
Doxycycline Vibramycin Antibiotic
0%
Hydrocodone with ibuprofen Vicoprofen Analgesic
0%
Liraglutide Victoza, Saxenda Antidiabetic/Antiobesity
0%
Moxifloxacin Vigamox, Moxeza Antibiotic, Ophthalmic
0%
Vilazodone Viibrid Antidepressant
0%
Lacosamide Vimpat Anticonvulsant
0%
Hydroxyzine pamoate Vistaril Antihistamine Agent
0%
Diclofenac sodium Voltaren Gel Nonsteroidal Anti-inflammatory Drug (NSAID), Topical
0%
Lisdexamfetamine Vyvanse Stimulant
0%
Colesevelam Welchol Antihyperlipidemic
0%
Bupropion Wellbutrin (SR, XL), Zyban Antidepressant/smoking cessation
0%
Latanoprost Xalatan, Xelpros Antiglaucoma Agent
0%
Rivaroxaban Xarelto Direct Oral Anticoagulant
0%
Rifaximin Xifaxan Antibiotic
0%
Levalbuterol Xopenex HFA Bronchodilator
0%
Levocetirizine Xyzal Antiallergy Agent
0%
Drospirenone/ethinyl estradiol Yasmin, Ocella Contraceptive
0%
Tizanidine Zanaflex Muscle Relaxant
0%
Bisoprolol Zebeta Antihypertensive
0%
Elbasvir/grazoprevir Zepatier Antihepaciviral
0%
Lisinopril with hydrochlorothiazide Zestoretic, Prinzide Antihypertensive
0%
Ezetimibe Zetia Antihyperlipidemic
0%
Azithromycin Zithromax, Z-Pak Antibiotic
0%
Simvastatin Zocor Antihyperlipidemic
0%
Ondansetron Zofran Antiemetic
0%
Acyclovir Zovirax Antiviral
0%
Allopurinol Zyloprim Antigout Agent
0%
Gatifloxacin Zymaxid Antibiotic, Ophthalmic
0%
Olanzapine Zyprexa Antipsychotic
0%
Cetirizine Zyrtec Antiallergy Agent
0%
No matching quizzes found
Score Distribution
Percent of People with Each Score
Percentile by Number Answered
Your Score History
You have not taken this quiz